000 00729nam a2200217Ia 4500
999 _c4339
_d4339
003 OSt
005 20200330121023.0
008 191128t2014 ck a a 000 1 spa d
020 _a9789587663785
040 _aCO-JMCR
_cCO-JMCR
041 1 _aspa
082 0 4 _aA /
_bFORm
245 1 0 _aFormas :
_bmi primer libro con ventanas /
250 _aPrimera edición
260 _aBogotá :
_bPanamericana,
_c©2014
300 _a[10] páginas :
_bilustraciones a color ;
_c16 cm.
520 _aEn las páginas de este libro se esconde un pequeño error. Mientraas los niños lo descubren, podrán reconocer las formas y nombrar los objetos
546 _aspa
650 _aFormas circulos y cuadrados
_91968
942 _2ddc
_cBK